| 000 | 00640nam a22001937a 4500 | ||
|---|---|---|---|
| 999 |
_c62294 _d62294 |
||
| 005 | 20240919155725.0 | ||
| 008 | 240919s2018 enk||||| |||| 00| 0 eng d | ||
| 020 | _a9780070594999x | ||
| 041 | _aeng | ||
| 080 | _a368 H-26 | ||
| 100 |
_aHarrington, Scott _923244 |
||
| 245 |
_aRisk Management & Insurance / _cScott Harrington, Gregory Niehaus. |
||
| 264 |
_aNew York: _bTata McGraw-Hill _c2018. |
||
| 300 |
_a675 p. ; _b24 cm. |
||
| 653 | _aრისკების მართვა და დაზღვევა | ||
| 653 | _aეკონომიკა | ||
| 700 |
_aNiehaus, Gregory _eავტორი _923245 |
||
| 942 |
_2udc _cBK |
||